00373nam a2200133Ia 4500008004100000020001500041041000800056082001300064100001800077245005900095260005300154300001200207650002000219210716s2007 xx 000 0 und d a0706990307 aeng a658 CHAJ aChandan, J S. aManagement: theory and practice.bTheory and practice. aNew DelhibVikas Publishing House Pvt Ltdc2007 axix,505 aManagement(658)